Countries that grow the most Wheat - Statistics

General Stats
  • This quiz has been taken 37 times
  • The average score is 8 of 10
Answer Stats
Metric Tons Country % Correct
2.4B China
97%
1.2B United States
97%
1.8B India
94%
1.2B Russia
94%
747M France
86%
433M Ukraine
83%
571M Canada
80%
456M Australia
71%
491M Germany
71%
482M Pakistan
54%
No matching quizzes found
Score Distribution
Percent of People with Each Score
Percentile by Number Answered
Your Score History
You have not taken this quiz